000 00494nam a2200145 4500
003 OSt
082 _a631.45
_bODY/MO
088 _aT 497
100 _aNchumbeni M Odyuo
_94913
245 _aModelling the impact of land use land cover changes on th runoff processes of Chalakudy basin using HEC-HMS model
260 _aTavanur
_bDepartment of IDE
_c2020
700 _aRema K P (guide)
856 _uhttps://drive.google.com/file/d/1u0cZA9lmMoNY2PJm-hdPWgoT1BFggcxu/view?usp=sharing
942 _cTH
999 _c17379
_d17379